000 00848cab a2200229 4500
001 WB3411-31
008 090401t1998 xxu||||| |||| 00| 0 eng d
035 _a(Sirsi) u85025
041 _aeng
245 _aCountryside access
260 _c1998
350 _a0
490 _aCountryside Commission News Release
_v(98/15) 12 March 1998 (3)
520 _aIn response to the Government consultation paper "Access to the Open Countryside in England and Wales", the Countryside Commission states that public access would require a mix of legislation and voluntary incentive schemes to work effectively. Details.
650 _aACCESS TO THE COUNTRYSIDE
650 _aCOUNTRYSIDE ACCESS
650 _aCOUNTRYSIDE COMMISSION
650 _aPUBLIC ACCESS
690 _aHIGHWAYS RIGHTS OF WAY AND EASEMENTS
942 _n0
948 _c18/03/1998
999 _c53448
_d53448